[Event "Lisbon Portugal op"]
[Site "Lisbon"]
[Date "2018.02.04"]
[Round "2"]
[White "Reis, Luis Sousa"]
[Black "Fernandes, Antonio ETG"]
[Result "0-1"]
[WhiteElo "2141"]
[BlackElo "2443"]
[PlyCount "52"]
[EventDate "2018.02.03"]
[EventType "swiss"]
[EventRounds "9"]
[EventCountry "POR"]
[SourceTitle "CBM 182 Extra"]
[Source "ChessBase"]
[SourceDate "2018.02.23"]
[SourceVersion "1"]
[SourceVersionDate "2018.02.23"]
[SourceQuality "1"]

1. e4 c5 2. Nf3 d6 3. d4 cxd4 4. Nxd4 Nf6 5. Nc3 a6 6. Bg5 e6 7. f4 b5 8. Bd3 Bb7 9. Qe2 b4 10. Nd1 Qb6 11. Nf3 Nbd7 12. Nf2 g6 13. 0-0 Bg7 14. e5 Nd5 15. Kh1 h6 16. Ne4 hxg5 17. Nxd6+ Ke7 18. Nxg5 Ne3 19. Rf2 Nxe5 20. fxe5 Bxe5 21. Nxb7 Rxh2+ 22. Kg1 Rah8 23. Nh3 R8xh3 24. gxh3 Ng4 25. Raf1 Nxf2 26. Rxf2 Rxf2 0-1

[Event "Lisbon Check Mate op 5th"]
[Site "Lisbon"]
[Date "2017.08.31"]
[Round "7"]
[White "Reis, Luis Sousa"]
[Black "Ruiz Ledo, Antonio"]
[Result "1/2-1/2"]
[WhiteElo "2177"]
[BlackElo "2041"]
[PlyCount "108"]
[EventDate "2017.08.26"]
[EventType "swiss"]
[EventRounds "7"]
[EventCountry "POR"]
[SourceTitle "CBM 180 Extra"]
[Source "ChessBase"]
[SourceDate "2017.10.06"]
[SourceVersion "1"]
[SourceVersionDate "2017.10.06"]
[SourceQuality "1"]

1. e4 b6 2. d4 Bb7 3. Bd3 Nf6 4. Qe2 Nc6 5. c3 e5 6. Nf3 d6 7. 0-0 Be7 8. d5 Nb8 9. c4 0-0 10. Nc3 Nbd7 11. Bd2 a5 12. b3 Bc8 13. Bc2 Nh5 14. g3 g6 15. Ne1 Ng7 16. f3 Nc5 17. Ng2 f5 18. a3 fxe4 19. fxe4 Bf6 20. b4 Nb7 21. Ba4 Qe7 22. Bc6 axb4 23. axb4 Rxa1 24. Rxa1 Nd8 25. Ra7 Bg5 26. Ra1 Nxc6 27. dxc6 Bxd2 28. Qxd2 Ne6 29. Rf1 Nd4 30. Nd5 Rxf1+ 31. Kxf1 Qf7+ 32. Qf2 Nxc6 33. b5 Na5 34. Nge3 Be6 35. Qxf7+ Kxf7 36. Nxc7 Nxc4 37. Nxc4 Bxc4+ 38. Kf2 Ke7 39. Ke3 Kd7 40. Na8 Bxb5 41. Nxb6+ Ke6 42. Nd5 Bc6 43. Nc7+ Kd7 44. Na6 Bb5 45. Nb4 Bc4 46. Nc2 Kc6 47. Ne1 d5 48. exd5+ Bxd5 49. Nd3 Kd6 50. Nf2 Ke6 51. Kd3 Kf5 52. Ke3 g5 53. Kd3 h5 54. Ke3 Bc6 1/2-1/2

[Event "Lisbon Check Mate op 5th"]
[Site "Lisbon"]
[Date "2017.08.30"]
[Round "6"]
[White "Reis, Luis Sousa"]
[Black "Dionizio, Andre Filipe Nascim"]
[Result "1-0"]
[WhiteElo "2177"]
[BlackElo "2049"]
[PlyCount "83"]
[EventDate "2017.08.26"]
[EventType "swiss"]
[EventRounds "7"]
[EventCountry "POR"]
[SourceTitle "CBM 180 Extra"]
[Source "ChessBase"]
[SourceDate "2017.10.06"]
[SourceVersion "1"]
[SourceVersionDate "2017.10.06"]
[SourceQuality "1"]

1. d4 Nf6 2. c4 g6 3. f3 Bg7 4. e4 d6 5. Nc3 c6 6. Bg5 a6 7. a4 a5 8. Bd3 Na6 9. Nge2 Nb4 10. Na2 Nxd3+ 11. Qxd3 0-0 12. 0-0 e5 13. d5 c5 14. Nac3 h6 15. Bh4 g5 16. Bf2 Nh5 17. Qc2 Qf6 18. Be3 Qg6 19. g4 Nf4 20. Ng3 h5 21. Bxf4 gxf4 22. Nf5 Re8 23. h3 hxg4 24. hxg4 Bd7 25. Rf2 Bf8 26. Rh2 f6 27. Kf2 Bxf5 28. exf5 Qf7 29. Rah1 Bg7 30. Ne4 Qe7 31. Rh7 Rf8 32. Kg1 Kf7 33. g5 Ke8 34. gxf6 Rxf6 35. Nxf6+ Qxf6 36. Qg2 Kf8 37. Qg6 Qxg6+ 38. fxg6 Ra6 39. R1h5 Rb6 40. Rf5+ Kg8 41. Rf7 Bf8 42. Rxb7 1-0

[Event "Lisbon Check Mate op 5th"]
[Site "Lisbon"]
[Date "2017.08.27"]
[Round "2"]
[White "Garcia, Antonio Manuel Cost"]
[Black "Reis, Luis Sousa"]
[Result "1/2-1/2"]
[WhiteElo "1814"]
[BlackElo "2177"]
[PlyCount "34"]
[EventDate "2017.08.26"]
[EventType "swiss"]
[EventRounds "7"]
[EventCountry "POR"]
[SourceTitle "CBM 180 Extra"]
[Source "ChessBase"]
[SourceDate "2017.10.06"]
[SourceVersion "1"]
[SourceVersionDate "2017.10.06"]
[SourceQuality "1"]

1. d4 Nc6 2. Nf3 d5 3. Bf4 Bg4 4. Nbd2 e6 5. e3 Bd6 6. Bg3 Nge7 7. c3 0-0 8. Bd3 f5 9. Qc2 Ng6 10. Bxd6 cxd6 11. h3 Bxf3 12. Nxf3 Qf6 13. 0-0 e5 14. Be2 e4 15. Nd2 f4 16. Qb3 Qf7 17. Nxe4 fxe3 1/2-1/2

[Event "Lisbon Check Mate op 5th"]
[Site "Lisbon"]
[Date "2017.08.26"]
[Round "1"]
[White "Reis, Luis Sousa"]
[Black "Rego, Joao Rui Farias Soa"]
[Result "1-0"]
[WhiteElo "2177"]
[BlackElo "1615"]
[PlyCount "117"]
[EventDate "2017.08.26"]
[EventType "swiss"]
[EventRounds "7"]
[EventCountry "POR"]
[SourceTitle "CBM 180 Extra"]
[Source "ChessBase"]
[SourceDate "2017.10.06"]
[SourceVersion "1"]
[SourceVersionDate "2017.10.06"]
[SourceQuality "1"]

1. d4 d5 2. c4 e6 3. Nc3 Nf6 4. Bg5 Nbd7 5. e3 Be7 6. Qc2 c6 7. cxd5 exd5 8. Bd3 0-0 9. Nge2 Re8 10. 0-0 h6 11. Bh4 Ne4 12. Bxe7 Qxe7 13. b4 Ndf6 14. Rab1 Bd7 15. a4 Rac8 16. Bxe4 Nxe4 17. Nxe4 Qxe4 18. Qxe4 Rxe4 19. Rfc1 g5 20. b5 Re7 21. Nc3 Bf5 22. Ra1 Rec7 23. Rd1 Kf8 24. bxc6 bxc6 25. a5 a6 26. Rdc1 Bd3 27. Na4 Ke7 28. Nb6 Rd8 29. Rc5 Kd6 30. Rac1 Bc4 31. Nxc4+ dxc4 32. R1xc4 Rb8 33. h4 Rb5 34. Kh2 f5 35. Kg3 f4+ 36. exf4 gxf4+ 37. Kxf4 Rf7+ 38. Kg3 h5 39. Rxc6+ Kd5 40. R6c5+ Rxc5 41. Rxc5+ Kxd4 42. Rc6 Rg7+ 43. Kf3 Rf7+ 44. Kg3 Rg7+ 45. Kh2 Rg4 46. g3 Kd3 47. Rxa6 Ke2 48. Kg2 Rg8 49. Re6+ Kd3 50. Re5 Rh8 51. a6 Kd4 52. Ra5 Kd3 53. a7 Ra8 54. Ra4 Kc3 55. Kf3 Rf8+ 56. Ke3 Re8+ 57. Kf4 Rf8+ 58. Kg5 Rxf2 59. a8Q 1-0

[Event "POR-chT"]
[Site "Leiria"]
[Date "2017.07.23"]
[Round "9.4"]
[White "Brodowski, Piotr"]
[Black "Reis, Luis Sousa"]
[Result "1/2-1/2"]
[WhiteElo "2442"]
[BlackElo "2182"]
[PlyCount "54"]
[EventDate "2017.07.17"]
[EventType "team-tourn"]
[EventRounds "9"]
[EventCountry "POR"]
[SourceTitle "CBM 179 Extra"]
[Source "ChessBase"]
[SourceDate "2017.08.23"]
[SourceVersion "1"]
[SourceVersionDate "2017.08.23"]
[SourceQuality "1"]
[WhiteTeam "Coimbra"]
[BlackTeam "Portugal/Atlantidiagonal"]
[WhiteTeamCountry "POR"]
[BlackTeamCountry "POR"]

1. c4 e5 2. g3 Nf6 3. Bg2 c6 4. d4 exd4 5. Qxd4 d5 6. cxd5 cxd5 7. Nf3 Nc6 8. Qd1 Be7 9. 0-0 0-0 10. Nc3 Be6 11. Ng5 Qd7 12. Nxe6 fxe6 13. Bd2 Rf7 14. Qa4 Raf8 15. Rad1 Bc5 16. Bf4 Qe7 17. Bg5 h6 18. Bc1 Ne5 19. h3 Nh5 20. e3 Nf3+ 21. Kh1 Ne5 22. Kg1 Nf3+ 23. Kh1 Ne5 24. Kg1 Nf3+ 25. Kh1 Ne5 26. Kg1 Nf3+ 27. Kh1 Ne5 1/2-1/2

[Event "POR-chT"]
[Site "Leiria"]
[Date "2017.07.21"]
[Round "7.5"]
[White "Santos, Antonio Pereira"]
[Black "Reis, Luis Sousa"]
[Result "1-0"]
[WhiteElo "2237"]
[BlackElo "2182"]
[PlyCount "119"]
[EventDate "2017.07.17"]
[EventType "team-tourn"]
[EventRounds "9"]
[EventCountry "POR"]
[SourceTitle "CBM 179 Extra"]
[Source "ChessBase"]
[SourceDate "2017.08.23"]
[SourceVersion "1"]
[SourceVersionDate "2017.08.23"]
[SourceQuality "1"]
[WhiteTeam "Sporting Clube Portugal"]
[BlackTeam "Portugal/Atlantidiagonal"]
[WhiteTeamCountry "POR"]
[BlackTeamCountry "POR"]

1. d4 Nf6 2. c4 e6 3. Nf3 c5 4. d5 b5 5. Bg5 exd5 6. cxd5 h6 7. Bxf6 Qxf6 8. Qc2 d6 9. e4 a6 10. a4 b4 11. Nbd2 Bg4 12. Bd3 Nd7 13. 0-0 Bxf3 14. Nxf3 Be7 15. Qe2 Ne5 16. Nxe5 dxe5 17. a5 0-0 18. f4 Bd6 19. f5 Ra7 20. Bc4 Be7 21. b3 Qd6 22. Kh1 Bf6 23. g3 Rc8 24. h4 Kf8 25. Kg2 Ke7 26. Qh5 Rh8 27. Rh1 Raa8 28. Qe2 h5 29. Rhf1 Rh6 30. Kh2 Rhh8 31. Rac1 g6 32. fxg6 fxg6 33. Qe3 Rac8 34. Rf2 Rcg8 35. Rcf1 Rf8 36. Bxa6 Qxa6 37. Qxc5+ Kd7 38. d6 Qxd6 39. Qxd6+ Kxd6 40. Rxf6+ Rxf6 41. Rxf6+ Kc5 42. Rxg6 Kd4 43. Rc6 Kxe4 44. Rc4+ Kf3 45. Rxb4 Rd8 46. Rb7 Rd2+ 47. Kh3 Ra2 48. b4 e4 49. Rf7+ Ke2 50. g4 Ra3+ 51. Kg2 hxg4 52. h5 Ra4 53. h6 Rxb4 54. h7 Rb8 55. a6 e3 56. a7 Ra8 57. Rb7 Kd2 58. Rb8 e2 59. h8Q e1Q 60. Qd4+ 1-0